|
|
|
|
| LEADER |
00000nam0a2200000 4500 |
| 001 |
373971 |
| 005 |
20231102012619.0 |
| 010 |
|
|
|b 6000 экз.
|
| 035 |
|
|
|a (RuTPU)RU\TPU\retro\31404
|
| 035 |
|
|
|a RU\TPU\book\273128
|
| 090 |
|
|
|a 373971
|
| 100 |
|
|
|a 20221216d1969 m y0rusy50 ca
|
| 101 |
0 |
|
|a rus
|
| 102 |
|
|
|a RU
|
| 105 |
|
|
|a a z 001zy
|
| 200 |
1 |
|
|a Ленин. Памятные медали
|e [альбом]
|f авт. текста и сост. А. В. Шатэн
|
| 210 |
|
|
|a Москва
|c Советская Россия
|d 1969
|
| 215 |
|
|
|a [107] с.
|c 46 ил.
|d 7,5 см.
|
| 300 |
|
|
|a В суперобложке.
|
| 320 |
|
|
|a Алфавитный указатель имен: с. [105-106]
|
| 320 |
|
|
|a Примечания: с. [107].
|
| 606 |
|
|
|a Ленин В. И.
|x Годовщины рождения и смерти. Увековечивание памяти
|2 stltpush
|3 (RuTPU)RU\TPU\subj\77143
|9 87708
|
| 610 |
1 |
|
|a лениниана
|
| 610 |
1 |
|
|a гравюры
|
| 610 |
1 |
|
|a миниатюрные издания
|
| 686 |
|
|
|a Т3(2)6-8
|v LBC/SL-A
|2 rubbk
|
| 702 |
|
1 |
|a Шатэн
|b А. В.
|g Анатолий Викентьевич
|4 220
|4 070
|
| 801 |
|
1 |
|a RU
|b 63413507
|c 20140217
|
| 801 |
|
2 |
|a RU
|b 63413507
|c 20221216
|g RCR
|
| 942 |
|
|
|c BK
|